000 00522nam a22001817a 4500
005 20251108175901.0
008 250721s2021 xx 000 0 ara d
082 1 4 _a822/جون
100 1 _aجونسون، بن
_eمؤلف
245 1 0 _aفولبوني الثعلب /
264 1 _aعمان :
_bدار القدس،
_c2021.
300 _a240ص.
650 1 7 _aالادب الانجليزي
650 1 7 _aالمسرحيات
700 1 _aشاهين، حرب محمد
_eمترجم
942 _2ddc
_cBK
999 _c144690
_d144690